[Event "Petersburg Summer 2016"]
[Site "St Petersburg"]
[Date "2016.08.23"]
[Round "7.54"]
[White "Afanasiev, Nikita A"]
[Black "Bobolev, Stanislav"]
[Result "0-1"]
[WhiteElo "1716"]
[BlackElo "1604"]
[PlyCount "134"]
[EventDate "2016.08.17"]
[EventType "swiss"]
[EventCountry "RUS"]

1. e4 e5 2. Nf3 Nf6 3. Nxe5 d6 4. Nf3 Nxe4 5. d4 d5 6. Bf4 Bd6 7. Qc1 O-O 8.
Be2 Nc6 9. O-O Nb4 10. a3 Bxf4 11. Qxf4 Nxc2 12. Ra2 c5 13. dxc5 Qa5 14. Nbd2
Be6 15. b3 Nc3 16. Bd3 Nxa2 17. Bxc2 Qxc5 18. Nd4 Nc3 19. Qh4 Ne2+ 20. Kh1 h6
21. N2f3 Nxd4 22. Nxd4 Qxa3 23. f4 Qa6 24. Rd1 Bd7 25. g4 f5 26. Qe7 Rf7 27.
Qe5 Re8 28. Qxd5 Bc6 29. Nxc6 Qxc6 30. Qxc6 bxc6 31. Bxf5 Rfe7 32. Rd3 Re1+ 33.
Kg2 Kf8 34. Rd7 Rb8 35. Bg6 Re3 36. Rf7+ Kg8 37. Rxa7 Kh8 38. Ra6 Rexb3 39.
Rxc6 R3b6 40. Rxb6 Rxb6 41. f5 Kg8 42. Kg3 Kf8 43. Kf3 Rb3+ 44. Kg2 Ke7 45. Kf2
Kf6 46. Be8 Kg5 47. Ba4 Rc3 48. Bd1 Kf4 49. Kg2 Rd3 50. Be2 Rd2 51. Kf2 Rb2 52.
h3 Rc2 53. h4 Rb2 54. g5 hxg5 55. hxg5 Kxg5 56. Ke1 Kxf5 57. Kd1 Kf4 58. Bd3 g5
59. Kc1 Rf2 60. Kb1 g4 61. Ka1 Ke3 62. Bg6 g3 63. Bh7 g2 64. Bb1 Kd4 65. Bg6
Kc3 66. Bb1 Rb2 67. Bc2 g1=R+ 0-1

[Event "Petersburg Summer 2016"]
[Site "St Petersburg"]
[Date "2016.08.23"]
[Round "7.55"]
[White "Timirev, Sergey"]
[Black "Radosevic, Nevena"]
[Result "1-0"]
[WhiteElo "1693"]
[BlackElo "1589"]
[PlyCount "81"]
[EventDate "2016.08.17"]
[EventType "swiss"]
[EventCountry "RUS"]

1. d4 d5 2. c4 e6 3. Nc3 Nf6 4. cxd5 exd5 5. Bg5 Be7 6. e3 O-O 7. Bd3 c6 8. Qc2
h6 9. Bf4 Be6 10. Nf3 Nbd7 11. O-O Rc8 12. Bf5 Bxf5 13. Qxf5 Ne8 14. Rab1 a5
15. a3 Ndf6 16. b4 axb4 17. axb4 Nd6 18. Bxd6 Bxd6 19. Ne5 Qe7 20. Nd3 Ne4 21.
Nxe4 Qxe4 22. Qxe4 dxe4 23. Nc5 Bxc5 24. bxc5 Rc7 25. Ra1 f5 26. Ra7 Rff7 27.
Ra8+ Rf8 28. Rfa1 Rxa8 29. Rxa8+ Kf7 30. f3 Rd7 31. fxe4 fxe4 32. Kf2 h5 33.
Rh8 b5 34. cxb6 Rb7 35. Rxh5 Rxb6 36. Re5 Rb2+ 37. Kg3 Re2 38. Rxe4 Kf6 39. Re8
g6 40. h4 Kf7 41. Re5 1-0

[Event "Petersburg Summer 2016"]
[Site "St Petersburg"]
[Date "2016.08.23"]
[Round "7.56"]
[White "Trushnikov, Viacheslav"]
[Black "Smirnov, Dmitrii"]
[Result "0-1"]
[WhiteElo "1758"]
[BlackElo "1569"]
[PlyCount "116"]
[EventDate "2016.08.17"]
[EventType "swiss"]
[EventCountry "RUS"]

1. c4 e5 2. Nc3 Nf6 3. Nf3 Nc6 4. g3 Bc5 5. Nxe5 Bxf2+ 6. Kxf2 Nxe5 7. e4 c5 8.
Be2 O-O 9. Rf1 d6 10. d3 Bh3 11. Re1 Nfg4+ 12. Kg1 Qf6 13. Bf4 Nf3+ 14. Bxf3
Qd4+ 15. Be3 Nxe3 16. Nb5 Nxd1+ 17. Nxd4 Nxb2 18. Nf5 Nxd3 19. Re3 Bxf5 20.
Rxd3 Be6 21. Rxd6 Bxc4 22. e5 Rab8 23. Rd7 Rfe8 24. Bxb7 Rxe5 25. Rad1 Bxa2 26.
Bc6 g6 27. Rxa7 Rb1 28. Rxb1 Bxb1 29. Kf2 Kg7 30. h4 Kf6 31. Bb5 Be4 32. g4 h6
33. Bc4 Bd5 34. Ra6+ Re6 35. Ra4 Bxc4 36. Rxc4 Rc6 37. Kf3 Ke5 38. Ke3 Rc7 39.
h5 Kd5 40. Rf4 c4 41. hxg6 fxg6 42. Kd2 c3+ 43. Kc2 Rc6 44. Rf3 Ke5 45. Rh3 Kf4
46. Rxh6 Kxg4 47. Rh8 g5 48. Rg8 Kf4 49. Rf8+ Kg3 50. Rf7 g4 51. Rf8 Kg2 52.
Rf7 g3 53. Rf8 Kg1 54. Rf7 g2 55. Rg7 Rc5 56. Kd1 c2+ 57. Kc1 Rc3 58. Ra7 Kf2
0-1

[Event "Petersburg Summer 2016"]
[Site "St Petersburg"]
[Date "2016.08.23"]
[Round "7.57"]
[White "Zakharov, Yuri"]
[Black "Kuzmishin, Leonid"]
[Result "0-1"]
[WhiteElo "1703"]
[BlackElo "1762"]
[PlyCount "120"]
[EventDate "2016.08.17"]
[EventType "swiss"]
[EventCountry "RUS"]

1. Nf3 e6 2. g3 b6 3. Bg2 Bb7 4. d3 c5 5. e4 d6 6. O-O Nf6 7. Nbd2 Be7 8. Nc4
b5 9. Ne3 O-O 10. b3 Qb6 11. Bb2 a5 12. a4 Nbd7 13. axb5 Qxb5 14. c4 Qb6 15.
Bc3 Bc6 16. Qc2 Rfb8 17. Nd2 Ra7 18. Ra3 Ne5 19. Rfa1 Rba8 20. Nd1 Ned7 21. h3
Bd8 22. Kh2 Bc7 23. Nb2 h5 24. h4 Ng4+ 25. Kg1 Qb7 26. Nd1 d5 27. exd5 exd5 28.
cxd5 Bxd5 29. Bxd5 Qxd5 30. Nc4 Qf3 31. Be1 Re8 32. Nce3 Bxg3 33. fxg3 Nxe3 34.
Nxe3 Rxe3 35. Qf2 Rxd3 36. Qxf3 Rxf3 37. Kg2 Rd3 38. Bxa5 Rb7 39. Bd8 Rbxb3 40.
Rxb3 Rxb3 41. Ra7 Ne5 42. Bc7 Ng4 43. Ra8+ Kh7 44. Bf4 c4 45. Ra7 Kg6 46. Ra5
f6 47. Rc5 c3 48. Bc1 Nh6 49. Bf4 Ng4 50. Kf1 Rb1+ 51. Ke2 Rb2+ 52. Kd3 c2 53.
Kc3 Nf2 54. Rc4 Nd1+ 55. Kd2 Nf2 56. Rxc2 Rxc2+ 57. Kxc2 Kf5 58. Kd2 Kg4 59.
Ke3 Nh1 60. Bd6 Nxg3 0-1

[Event "Petersburg Summer 2016"]
[Site "St Petersburg"]
[Date "2016.08.23"]
[Round "7.58"]
[White "Yun, Vyacheslav"]
[Black "Turetsky, Mark"]
[Result "0-1"]
[WhiteElo "1750"]
[BlackElo "1622"]
[PlyCount "90"]
[EventDate "2016.08.17"]
[EventType "swiss"]
[EventCountry "RUS"]

1. e4 e6 2. c4 d5 3. cxd5 exd5 4. exd5 Qxd5 5. Nc3 Qd8 6. Nf3 Nf6 7. Bc4 Be7 8.
O-O O-O 9. h3 Nc6 10. d4 Na5 11. Bd3 Nd5 12. Ne5 Bf6 13. Re1 Nxc3 14. bxc3 Bxe5
15. Rxe5 Nc6 16. Rg5 Ne7 17. Qh5 g6 18. Rg3 Kh8 19. Qh6 Ng8 20. Qf4 Be6 21. Qf3
c6 22. Bd2 Bd5 23. Qf4 Rc8 24. c4 Be6 25. Bc3 f6 26. Qh4 Kg7 27. Re1 Qd7 28.
Qh5 Bf7 29. Bf5 Qc7 30. Bxc8 Qxc8 31. Qh4 Bxc4 32. a3 Bd5 33. Rge3 Rf7 34. Bb4
Qd8 35. Re8 Qc7 36. Qg4 a5 37. Rc8 Qd7 38. Qxd7 Rxd7 39. Bxa5 Bf7 40. Bb6 g5
41. Rc7 Rxc7 42. Bxc7 b5 43. Bd6 Bd5 44. Re8 Kf7 45. Rf8+ Kg7 0-1

[Event "Petersburg Summer 2016"]
[Site "St Petersburg"]
[Date "2016.08.23"]
[Round "7.60"]
[White "Bezobrazov, Lev"]
[Black "Biyachuev, Minkail"]
[Result "1-0"]
[WhiteElo "1528"]
[BlackElo "1400"]
[PlyCount "111"]
[EventDate "2016.08.17"]
[EventType "swiss"]
[EventCountry "RUS"]

1. e4 e5 2. Nc3 Nf6 3. Bc4 Bc5 4. f4 Nc6 5. Nf3 Ng4 6. Bxf7+ Kxf7 7. Ng5+ Ke8
8. Qxg4 d6 9. Qg3 exf4 10. Qh4 Nd4 11. Kd1 h5 12. h3 Ne6 13. Nf3 Qxh4 14. Nxh4
Nd4 15. Nd5 Kd8 16. Nxf4 g5 17. c3 Nc6 18. d4 Bb6 19. Nfg6 Rg8 20. Bxg5+ Ke8
21. Rf1 Nd8 22. Kd2 Nf7 23. Bf6 c6 24. Rf3 Bd8 25. Bxd8 Nxd8 26. Raf1 Be6 27.
Rf8+ Rxf8 28. Rxf8+ Kd7 29. b3 a5 30. c4 a4 31. d5 cxd5 32. exd5 Bf7 33. Rh8
axb3 34. axb3 Ra2+ 35. Kc3 Bxg6 36. Nxg6 Rxg2 37. Nf4 Rg3+ 38. Kb4 Rf3 39. Nxh5
Kc7 40. Rh7+ Kc8 41. Ng7 Rf7 42. h4 Re7 43. h5 Nf7 44. Nf5 Rd7 45. Rxf7 Rd8 46.
h6 Rh8 47. Nxd6+ Kb8 48. Rxb7+ Ka8 49. h7 Rf8 50. Rg7 Rb8+ 51. Kc3 Rb7 52. Nxb7
Ka7 53. h8=Q Kb6 54. Qd8+ Ka7 55. c5 Ka6 56. Qb6# 1-0

[Event "Petersburg Summer 2016"]
[Site "St Petersburg"]
[Date "2016.08.23"]
[Round "7.61"]
[White "Nordquelle, Amelia"]
[Black "Kapitsa, Artem"]
[Result "0-1"]
[WhiteElo "1153"]
[BlackElo "1402"]
[PlyCount "68"]
[EventDate "2016.08.17"]
[EventType "swiss"]
[EventCountry "RUS"]

1. d4 Nf6 2. c4 e6 3. Nc3 c6 4. e4 Bb4 5. e5 Ne4 6. Bd2 Nxd2 7. Qxd2 Qa5 8. a3
Bxc3 9. Qxc3 Qxc3+ 10. bxc3 O-O 11. c5 b6 12. cxb6 axb6 13. Nf3 Na6 14. Be2 Nc7
15. Bc4 Ba6 16. Nd2 Bxc4 17. Nxc4 b5 18. Nd6 Ra4 19. Nb7 Rfa8 20. Nc5 Rxa3 21.
Rxa3 Rxa3 22. Kd2 Ra2+ 23. Ke3 Nd5+ 24. Kf3 Ra7 25. Rc1 Kf8 26. Kg4 Ke7 27. Kg5
f6+ 28. exf6+ Nxf6 29. f3 Ra2 30. Rg1 Rc2 31. Ne4 Nxe4+ 32. fxe4 Rxc3 33. e5
Rd3 34. g3 Rxd4 0-1